|
|
|
|
| LEADER |
00000nam a2200000 a 4500 |
| 001 |
vtls010344770 |
| 003 |
SK-MaSNL |
| 005 |
20260301084959.0 |
| 008 |
240318s2012 xo o g f 000 0 slo |
| 015 |
|
|
|a SNBA2013
|
| 020 |
|
|
|a 9788097074715
|q (brož.)
|
| 040 |
|
|
|a SNK
|b slo
|c SNK
|e AACR2
|
| 041 |
0 |
|
|a slo
|
| 044 |
|
|
|a xo
|c SK
|
| 072 |
|
7 |
|a 615.8
|x Fyzioterapia. Psychoterapia. Alternatívna medicína
|2 konspekt
|
| 080 |
|
|
|a 615.874.24
|2 2001
|
| 080 |
|
|
|a 641.561
|2 2001
|
| 080 |
|
|
|a (083.12)
|2 2001
|
| 080 |
|
|
|a (035)
|2 2001
|
| 100 |
1 |
|
|a Skybová, Katarína
|4 aut
|9 331539
|
| 245 |
1 |
0 |
|a Redukčná diéta
|b schudnete za 28 dní
|c Katarína Skybová
|
| 250 |
|
|
|a 3. vyd.
|
| 260 |
|
|
|a Bratislava
|b Plat4M
|c 2012
|
| 300 |
|
|
|a 127 s.
|b fotogr., tab.
|c 19 cm
|
| 500 |
|
|
|a Podnázov na obálke: Ako chudnúť a nehladovať?
|
| 650 |
0 |
7 |
|a redukcia telesnej hmotnosti
|2 SNKPH
|9 66799
|
| 650 |
0 |
7 |
|a redukčné diéty
|2 SNKPH
|9 1801
|
| 650 |
0 |
7 |
|a diétne jedlá
|2 SNKPH
|9 1615
|
| 650 |
0 |
7 |
|a Weight loss
|2 SNKPHeng
|9 311883
|
| 650 |
0 |
7 |
|a Reducing diets
|2 SNKPHeng
|9 312233
|
| 650 |
0 |
7 |
|a Diet meals
|2 SNKPHeng
|9 311884
|
| 655 |
|
7 |
|a kuchárske recepty
|2 SNKPH
|9 70493
|
| 655 |
|
7 |
|a príručky
|2 SNKPH
|9 74364
|
| 655 |
|
7 |
|a Cookbooks
|2 SNKPHeng
|9 270340
|
| 655 |
|
7 |
|a Handbooks, manuals, etc.
|2 SNKPHeng
|9 90964
|
| 919 |
|
|
|a 978-80-970747-1-5
|
| 999 |
|
|
|c 664719
|d 666649
|
| 952 |
|
|
|a SNK
|b SNK
|y VYP
|7 0
|p 17A1061543
|o snkSD 81741 D1
|i snk2013/2257
|8 0
|0 0
|1 0
|4 0
|d 2013-01-30
|l 0
|r 2017-06-30 00:00:00
|w 2026-02-23
|
| 952 |
|
|
|a SNK
|b SNK
|y PREZ
|7 0
|p 17A1061542
|o snkSD 81741
|i snk2013/2256
|8 0
|0 0
|1 0
|4 0
|d 2013-01-30
|l 0
|r 2025-12-01 00:00:00
|w 2026-02-23
|